| 000 | 00000nam##2200000za#4500 |
| 001 | 9.640544 |
| 003 | CaOODSP |
| 005 | 20250611103604 |
| 007 | cr ||||||||||| |
| 008 | 150407|1998||||xxc|||||o f|0| 0 fre|d |
| 040 | |aCaOODSP|bfre |
| 043 | |an-cn--- |
| 086 | 1 |aA22-183/1998F-PDF |
| 110 | 1 |aCanada. |bAgriculture et agroalimentaire Canada. |
| 245 | 10|aAu service de l'agriculture : |h[ressource électronique]|bMinistres de l'Agriculture du Canada, 1867-1997 |
| 260 | |aOttawa - Ontario : |bAgriculture et Agroalimentaire Canada |cc1998. |
| 300 | |a98p.|bphotographies |
| 500 | |aLe n° de catalogue (A22-183/1998F) et l'ISBN (0-662-83362-7) de l'édition imprimée ont été incorrectement copiés dans la version PDF. |
| 590 | |a12-32-Supp|b2012-07-11 |
| 691 | 07|aDéputé fédéral|2gcpds |
| 691 | 07|aFonction publique|2gcpds |
| 691 | 07|aVie politique|2gcpds |
| 775 | 08|tServing agriculture : |w(CaOODSP)9.696430 |
| 776 | 0#|tServing agriculture : |w(CaOODSP)9.660697 |
| 776 | 0#|tAu service de l'agriculture : |w(CaOODSP)9.660698 |
| 856 | 40|ahttp://publications.gc.ca|qPDF|s6090 Ko|uhttps://publications.gc.ca/collections/collection_2012/agr/A22-183-1998-fra.pdf |
| 986 | |aPublication 1990/F |